00606nam a2200157Ia 4500008004100000041001200041082001100053100001500064245005100079260000600130650000600136942000700142999001700149952014100166952014100307221030s9999 xx 000 0 und d aEnglish a105.23 aP. S. Gill 0aEngineering Graphics & Draftingcby P. S. Gill c0 aB cBK c12230d12230 pB 4367l0o105.23 r2022-10-30 00:00:00w2022-10-30yBK003Print4070aMIETLIBbMIETLIBcBL-, FL-, CUP-0, SH-0, R-0d2012-06-2010HBE pB 4368l0o105.23 r2022-10-30 00:00:00w2022-10-30yBK003Print4070aMIETLIBbMIETLIBcBL-, FL-, CUP-0, SH-0, R-0d2012-06-2010HBE